[Event "XXVII. Rhein-Main-Open, Gruppe A"]
[Site "Bad Homburg vor der Höhe"]
[Date "2025.06.20"]
[Round "4.8"]
[White "Neukirchner, Pascal"]
[Black "Busch, Lorenz"]
[Result "1-0"]
[WhiteElo "2279"]
[BlackElo "1972"]
[PlyCount "89"]
[GameId "535116227146"]
[EventDate "2025.06.18"]
[WhiteTeam "SK Gründau"]
[BlackTeam "SC Bellheim"]

1. Nf3 Nf6 2. g3 e6 3. Bg2 d5 4. O-O Be7 5. c4 c6 6. d4 Nbd7 7. Nc3 dxc4 8. e4 O-O 9. Bf4 Bb4 10. Qc2 Qa5 11. e5 Nd5 12. Ng5 g6 13. Bd2 Nxc3 14. bxc3 Be7 15. Ne4 Qc7 16. Bh6 Re8 17. Qd2 f5 18. exf6 Nxf6 19. Rfe1 Bd7 20. Rab1 Rad8 21. Qc2 Bc8 22. h4 Nxe4 23. Bxe4 Bf8 24. Bg5 Rd7 25. Bxg6 Ree7 26. Bxe7 Rxe7 27. Be4 Rg7 28. Bg2 Bd6 29. Re3 e5 30. Rbe1 exd4 31. cxd4 b5 32. Qe2 Bd7 33. Qh5 b4 34. Bh3 c3 35. Bxd7 Qxd7 36. Re8+ Bf8 37. Qc5 Qf7 38. Qxb4 Qf3 39. Rxf8+ Qxf8 40. Qxc3 Qd6 41. Re5 h6 42. h5 Rg4 43. Qb3+ Kg7 44. Re6 Qc7 45. Qe3 1-0

[Event "XXVII. Rhein-Main-Open, Gruppe A"]
[Site "Bad Homburg vor der Höhe"]
[Date "2025.06.20"]
[Round "4.9"]
[White "Seidel, Andre"]
[Black "Lesny, Florian"]
[Result "1/2-1/2"]
[WhiteElo "2136"]
[BlackElo "2230"]
[PlyCount "100"]
[GameId "535116227147"]
[EventDate "2025.06.18"]
[WhiteTeam "SV Oberursel"]
[BlackTeam "SF Hünstetten"]

1. d4 d5 2. c4 e6 3. Nc3 Nf6 4. cxd5 exd5 5. Bg5 Be7 6. e3 O-O 7. Bd3 h6 8. Bh4 Re8 9. Nge2 Nbd7 10. O-O c6 11. Qc2 Nh5 12. Bxe7 Qxe7 13. Rab1 Nb6 14. b4 a6 15. a4 Bg4 16. a5 Nc8 17. h3 Bd7 18. Na4 Qg5 19. Kh1 Nd6 20. Nc5 Re7 21. Ng1 Nf6 22. Nf3 Qh5 23. Nh2 Nfe4 24. Bxe4 dxe4 25. Nxd7 Rxd7 26. Ng4 f6 27. Qb3+ Qf7 28. Rfc1 Qxb3 29. Rxb3 h5 30. Nh2 Nb5 31. Nf1 Re8 32. Nd2 Kf7 33. Kg1 Nc7 34. Nc4 Nd5 35. Kf1 g6 36. Ke2 g5 37. g3 Ke6 38. Nb2 Kd6 39. Na4 Rf8 40. Nc3 f5 41. Nxd5 Kxd5 42. Rc5+ Ke6 43. Rb1 Rd5 44. Rbc1 Rfd8 45. Rh1 Rh8 46. h4 g4 47. Rhc1 Rhd8 48. Rb1 Rb8 49. Rbc1 Rbd8 50. Rb1 Rb8 1/2-1/2

[Event "XXVII. Rhein-Main-Open, Gruppe A"]
[Site "Bad Homburg vor der Höhe"]
[Date "2025.06.20"]
[Round "4.10"]
[White "Spiegelberg, Silvia"]
[Black "Poetsch, Hagen"]
[Result "0-1"]
[WhiteElo "1976"]
[BlackElo "2490"]
[PlyCount "62"]
[GameId "535116227148"]
[EventDate "2025.06.18"]
[WhiteTeam "SF Sasbach e.V."]
[BlackTeam "SC Heusenstamm"]

1. e4 Nc6 2. Nf3 f5 3. e5 d6 4. Bb5 dxe5 5. Bxc6+ bxc6 6. Nxe5 Qd5 7. Nf3 g5 8. Nc3 Qe6+ 9. Qe2 Qxe2+ 10. Nxe2 g4 11. Nfd4 Bd7 12. Nb3 e5 13. d4 exd4 14. Nexd4 Nf6 15. Bf4 c5 16. Ne2 O-O-O 17. Be5 Bg7 18. Nxc5 Rhe8 19. Bxf6 Bxf6 20. Nd3 Bb5 21. Rd1 Bxb2 22. Kd2 Bf6 23. Nef4 Re4 24. g3 Ra4 25. Rb1 Bc4 26. h4 Bd4 27. Rhf1 c5 28. Ne2 Bxa2 29. Nxd4 Rdxd4 30. Rb5 c4 31. Kc3 cxd3 0-1

[Event "XXVII. Rhein-Main-Open, Gruppe A"]
[Site "Bad Homburg vor der Höhe"]
[Date "2025.06.20"]
[Round "4.11"]
[White "Solonar, Stefan"]
[Black "Krychevskiy, Dmytro"]
[Result "1-0"]
[WhiteElo "2265"]
[BlackElo "1942"]
[PlyCount "71"]
[GameId "535116227149"]
[EventDate "2025.06.18"]
[WhiteTeam "SC Heusenstamm"]
[BlackTeam "SV Oberursel"]

1. c4 Nf6 2. Nc3 g6 3. e4 d6 4. d4 Bg7 5. Nf3 O-O 6. Be2 e5 7. Be3 Nc6 8. d5 Ne7 9. Nd2 Ne8 10. O-O f5 11. f3 Nf6 12. c5 f4 13. Bf2 g5 14. Rc1 Ng6 15. cxd6 cxd6 16. Nb5 Rf7 17. Nc4 Bf8 18. Nxa7 Bd7 19. a4 Qb8 20. Nb5 Bxb5 21. axb5 Nd7 22. b6 Qd8 23. Ra1 Rxa1 24. Qxa1 h5 25. Qa7 Nf6 26. Ra1 g4 27. Qa8 Qe7 28. Qc8 Nxe4 29. fxe4 f3 30. Bf1 fxg2 31. Bxg2 Nf4 32. Ne3 Nd3 33. Nf5 Qg5 34. Bh4 Qd2 35. Qc3 Qe2 36. Bf1 1-0

[Event "XXVII. Rhein-Main-Open, Gruppe A"]
[Site "Bad Homburg vor der Höhe"]
[Date "2025.06.20"]
[Round "4.12"]
[White "Musiienko, Tymur"]
[Black "Pradeep, Harshill"]
[Result "1-0"]
[WhiteElo "2115"]
[BlackElo "1936"]
[PlyCount "153"]
[GameId "535116227150"]
[EventDate "2025.06.18"]
[WhiteTeam "Wiesbadener SV 1885"]
[BlackTeam "SK Bickenbach"]

1. e4 c5 2. Nf3 e6 3. d4 cxd4 4. Nxd4 a6 5. Bd3 Bc5 6. Nb3 Ba7 7. O-O Nc6 8. Qe2 Nge7 9. c4 O-O 10. Nc3 Qc7 11. Be3 Ng6 12. Bxa7 Rxa7 13. Qe3 Qf4 14. Qb6 f5 15. g3 Qd6 16. exf5 Qxd3 17. fxg6 Qxc4 18. gxh7+ Kxh7 19. Rad1 Ra8 20. Qe3 d5 21. Nd4 e5 22. Nxc6 bxc6 23. Qxe5 Kg8 24. Rd4 Qc5 25. Rh4 Bf5 26. b4 Qa7 27. Qd4 Qe7 28. Qe3 Qf6 29. Qd4 Qe7 30. Nd1 Rf6 31. Ne3 Qf7 32. Rf4 Re8 33. Nxf5 Rxf5 34. Rxf5 Qxf5 35. Qc5 Re6 36. f3 Qh3 37. Qf2 Qf5 38. Qd2 Qf7 39. Kg2 Qe7 40. Kf2 Qa7+ 41. Kg2 Qe7 42. Rf2 Re3 43. Qd4 Re2 44. h4 Rxf2+ 45. Kxf2 Qe6 46. g4 Qh6 47. g5 Qe6 48. Qg4 Qg6 49. Kg3 Qb1 50. g6 Qe1+ 51. Kh3 Qh1+ 52. Kg3 Qe1+ 53. Kg2 Qe2+ 54. Kh3 Qf1+ 55. Qg2 Qc4 56. a3 d4 57. Qg3 Qe6+ 58. Kg2 Qe2+ 59. Qf2 Qc4 60. h5 Qd5 61. Qe2 Kf8 62. Qe4 Qxh5 63. Qf4+ Ke8 64. Qf7+ Kd8 65. Qf8+ Kc7 66. Qxg7+ Kc8 67. Qf6 Qh6 68. Qxc6+ Kb8 69. Qb6+ Kc8 70. Qxa6+ Kd8 71. Qd6+ Kc8 72. Qc5+ Kb8 73. Qe5+ Kb7 74. g7 Qg6+ 75. Kf2 Qc2+ 76. Qe2 Qg6 77. Qe4+ 1-0

[Event "XXVII. Rhein-Main-Open, Gruppe A"]
[Site "Bad Homburg vor der Höhe"]
[Date "2025.06.20"]
[Round "4.13"]
[White "Lenz, Jonas"]
[Black "Bezsonna, Polina"]
[Result "1/2-1/2"]
[WhiteElo "2135"]
[BlackElo "1972"]
[PlyCount "41"]
[GameId "535116227151"]
[EventDate "2025.06.18"]
[WhiteTeam "SK Bad Homburg 1927"]
[BlackTeam "SK Bad Homburg 1927"]

1. d4 Nf6 2. c4 c5 3. Nf3 g6 4. g3 Bg7 5. Bg2 O-O 6. dxc5 Na6 7. O-O Nxc5 8. Nc3 d6 9. Nd4 a5 10. b3 Bd7 11. Rb1 Qc8 12. Bg5 Bc6 13. Nxc6 bxc6 14. Qd2 Rd8 15. Rfc1 Ra6 16. h3 Qe6 17. Qe3 Rb8 18. Kf1 Rab6 19. Qxe6 fxe6 20. Be3 Nfd7 21. Ne4 1/2-1/2

[Event "XXVII. Rhein-Main-Open, Gruppe A"]
[Site "Bad Homburg vor der Höhe"]
[Date "2025.06.20"]
[Round "4.14"]
[White "Erdmann, Stefan"]
[Black "Fang, Borui"]
[Result "1-0"]
[WhiteElo "2117"]
[BlackElo "1857"]
[PlyCount "55"]
[GameId "535116227152"]
[EventDate "2025.06.18"]
[WhiteTeam "SK Bad Homburg 1927"]
[BlackTeam "SV Oberursel"]

1. d4 d5 2. c4 c6 3. cxd5 cxd5 4. Bg5 h6 5. Bh4 Nc6 6. Nc3 Nf6 7. Bxf6 exf6 8. e3 Rb8 9. g3 Bb4 10. Nge2 O-O 11. Bg2 Ne7 12. Qb3 Bxc3+ 13. Nxc3 Be6 14. O-O Qd7 15. Rac1 a6 16. Na4 Rfd8 17. Nb6 Qb5 18. Qxb5 axb5 19. Rc5 b4 20. Rb5 Nc6 21. Rc1 Rd6 22. Nxd5 Na7 23. Ra5 Nc6 24. Rac5 Ra8 25. Nc7 Rxa2 26. d5 Na5 27. dxe6 Nb3 28. e7 1-0

[Event "XXVII. Rhein-Main-Open, Gruppe A"]
[Site "Bad Homburg vor der Höhe"]
[Date "2025.06.20"]
[Round "4.15"]
[White "Faqiry, Ramat"]
[Black "Musiienko, Platon"]
[Result "0-1"]
[WhiteElo "1985"]
[BlackElo "2018"]
[PlyCount "134"]
[GameId "535116227153"]
[EventDate "2025.06.18"]
[WhiteTeam "SK Bad Homburg 1927"]
[BlackTeam "Wiesbadener SV 1885"]

1. d4 d5 2. c4 e6 3. Nf3 Nf6 4. Nc3 Be7 5. g4 h6 6. Rg1 c5 7. dxc5 Bxc5 8. e3 Nc6 9. a3 Be7 10. b4 a6 11. Bb2 dxc4 12. Bxc4 b5 13. Be2 Bb7 14. g5 hxg5 15. Rxg5 Kf8 16. Qb3 Rc8 17. Rd1 Qc7 18. h4 Nd8 19. Rd4 Ne8 20. Rgg4 Bf6 21. Rd3 Nd6 22. Nd1 Bd5 23. Bxf6 Bxb3 24. Bxg7+ Ke7 25. Bxh8 Bc4 26. Rc3 Nc6 27. Bg7 Bxe2 28. Kxe2 Nf5 29. Be5 Qb7 30. Bf4 f6 31. e4 Ncd4+ 32. Nxd4 Nxd4+ 33. Kf1 Kf7 34. Bh6 Rg8 35. Rxg8 Kxg8 36. Rg3+ Kh8 37. Bg7+ Kh7 38. Bxf6 Qxe4 39. Ne3 Qb1+ 40. Kg2 Qe4+ 41. Kf1 Nf5 42. Nxf5 exf5 43. Rg7+ Kh6 44. Re7 Qc4+ 45. Kg1 Qb3 46. Bg5+ Kh5 47. Re3 Qd1+ 48. Kg2 Qg4+ 49. Rg3 Qe4+ 50. f3 Qc4 51. f4 Qe2+ 52. Kg1 Qa2 53. Kf1 Qh2 54. Re3 Kg4 55. Ke1 Qg1+ 56. Ke2 Qg2+ 57. Ke1 Qc2 58. Re2 Qc1+ 59. Kf2 Qxa3 60. Be7 Kxf4 61. Bd6+ Kg4 62. Re3 Qb2+ 63. Ke1 Kxh4 64. Bc5 f4 65. Re2 Qc3+ 66. Kf2 Kg4 67. Kf1 a5 0-1

[Event "XXVII. Rhein-Main-Open, Gruppe A"]
[Site "Bad Homburg vor der Höhe"]
[Date "2025.06.20"]
[Round "4.16"]
[White "von Wahden, Jens"]
[Black "Reschke, Thomas"]
[Result "0-1"]
[WhiteElo "1952"]
[BlackElo "2067"]
[PlyCount "64"]
[GameId "535116227154"]
[EventDate "2025.06.18"]
[WhiteTeam "SV Oberursel"]
[BlackTeam "SC Frankfurt-West"]

1. d4 g6 2. c4 Bg7 3. Nc3 c5 4. d5 Bxc3+ 5. bxc3 e5 6. e4 d6 7. Bd3 Qe7 8. Nf3 f5 9. exf5 gxf5 10. O-O Kd8 11. Re1 Kc7 12. Bf4 e4 13. Bc2 Nf6 14. Ng5 h6 15. Nh3 Nbd7 16. Bg3 Ne5 17. Nf4 h5 18. h4 Bd7 19. Ba4 Rag8 20. Bxd7 Nfxd7 21. Qa4 Kb8 22. Rab1 b6 23. Qb5 Rg4 24. a4 Rhg8 25. Re3 Ng6 26. Ne6 f4 27. Rxe4 fxg3 28. Rbe1 gxf2+ 29. Kxf2 Qxh4+ 30. Kg1 Rxg2+ 31. Kxg2 Nf4+ 32. Kf1 Qh3+ 0-1

[Event "XXVII. Rhein-Main-Open, Gruppe A"]
[Site "Bad Homburg vor der Höhe"]
[Date "2025.06.20"]
[Round "4.18"]
[White "Gold, Jan Christian"]
[Black "Hasenpflug, Till"]
[Result "1-0"]
[WhiteElo "1997"]
[BlackElo "1810"]
[PlyCount "87"]
[GameId "535116227156"]
[EventDate "2025.06.18"]
[WhiteTeam "SK Bad Homburg 1927"]
[BlackTeam "SK Bad Homburg 1927"]

1. d4 d5 2. Nf3 Nf6 3. c4 dxc4 4. e3 c5 5. Bxc4 Nc6 6. d5 Nb4 7. a3 Nbxd5 8. e4 e6 9. exd5 exd5 10. Bb5+ Bd7 11. Bxd7+ Qxd7 12. O-O Be7 13. Ne5 Qf5 14. Qa4+ Kf8 15. Nf3 h6 16. Nc3 g5 17. b4 g4 18. Ne1 cxb4 19. axb4 d4 20. Ne2 Rd8 21. Bb2 d3 22. Ng3 Qg6 23. Rd1 h5 24. b5 h4 25. Ne4 Qxe4 26. Qxe4 Nxe4 27. Bxh8 d2 28. Bb2 g3 29. hxg3 hxg3 30. fxg3 Bc5+ 31. Kh2 Bf2 32. Nf3 Bxg3+ 33. Kg1 Bf4 34. Nxd2 Be3+ 35. Kh1 Nf2+ 36. Rxf2 Bxf2 37. Bc3 Rd5 38. g4 Rxb5 39. Ne4 Bh4 40. Rd7 Be7 41. Kg2 a5 42. Rc7 Ke8 43. Bf6 Bxf6 44. Nd6+ 1-0

[Event "XXVII. Rhein-Main-Open, Gruppe A"]
[Site "Bad Homburg vor der Höhe"]
[Date "2025.06.20"]
[Round "4.19"]
[White "Sasikumar Anitha, Sarvesh"]
[Black "Sreeramulu, Aarush"]
[Result "0-1"]
[WhiteElo "1987"]
[BlackElo "2032"]
[PlyCount "118"]
[GameId "535116227157"]
[EventDate "2025.06.18"]
[WhiteTeam "SK 1858 Gießen"]
[BlackTeam "SK Marburg 1931/72"]

1. e4 c6 2. d4 d5 3. e5 Bf5 4. h4 h5 5. Bd3 Bxd3 6. Qxd3 e6 7. Nf3 Qa5+ 8. Nbd2 Nh6 9. c3 Qa6 10. Qxa6 Nxa6 11. O-O c5 12. c4 Rd8 13. Rd1 Nb4 14. Rb1 Nxa2 15. Nb3 dxc4 16. Bg5 cxb3 17. Bxd8 Kxd8 18. dxc5+ Kc7 19. Rd3 Bxc5 20. Rxb3 Rd8 21. Ng5 Rd4 22. Nf3 Rd5 23. Ra1 Nb4 24. Rc3 Nc6 25. Rac1 Bb6 26. R3c2 Ng4 27. Re2 Kb8 28. Rce1 Nd4 29. Nxd4 Bxd4 30. b3 Nxe5 31. Kh1 Nd3 32. Rf1 Nxf2+ 33. Rexf2 Bxf2 34. Rxf2 Rf5 35. Rd2 Kc7 36. Kh2 a5 37. g3 b5 38. Kg2 a4 39. bxa4 bxa4 40. Rb2 a3 41. Ra2 Ra5 42. Kf3 Ra4 43. Ke3 Kb6 44. Kd2 Kb5 45. Kc3 Rg4 46. Rxa3 Rxg3+ 47. Kb2 Rxa3 48. Kxa3 g5 49. hxg5 h4 50. Kb3 h3 51. Kc3 h2 52. Kd4 h1=Q 53. Ke5 Qf3 54. Kd4 Qf4+ 55. Kd3 Kc5 56. Kc3 Qe3+ 57. Kc2 Kc4 58. Kb1 Kb3 59. Ka1 Qc1# 0-1

[Event "XXVII. Rhein-Main-Open, Gruppe A"]
[Site "Bad Homburg vor der Höhe"]
[Date "2025.06.20"]
[Round "4.20"]
[White "Mandalka, Justus"]
[Black "Gao, Chenzhuo"]
[Result "1/2-1/2"]
[WhiteElo "2076"]
[BlackElo "1707"]
[PlyCount "82"]
[GameId "535116227158"]
[EventDate "2025.06.18"]
[WhiteTeam "SK Bad Homburg 1927"]
[BlackTeam "SC Rotenburg"]

1. e4 c6 2. d4 d5 3. e5 Bf5 4. h4 h5 5. Bd3 Bxd3 6. Qxd3 e6 7. Nf3 Qa5+ 8. Nbd2 Qa6 9. Qxa6 Nxa6 10. O-O Ne7 11. c3 Nf5 12. Rd1 c5 13. c4 Rd8 14. cxd5 Rxd5 15. Nb3 c4 16. Nbd2 Nxd4 17. Rf1 Bb4 18. Nxd4 Rxd4 19. Nf3 Rd5 20. Be3 Bc5 21. Bg5 O-O 22. Rfc1 Rc8 23. Kf1 Bb4 24. Be3 b6 25. a3 Be7 26. Rc2 b5 27. b3 Rd3 28. Nd2 Bc5 29. Bxc5 Nxc5 30. Rb1 Rcd8 31. Ke2 c3 32. Nf3 R8d5 33. b4 Na4 34. Rbc1 Kf8 35. Rg1 Nb2 36. Rgc1 Nc4 37. Rxc3 Rxc3 38. Rxc3 Ke7 39. a4 a6 40. axb5 axb5 41. Rd3 Nb6 1/2-1/2

[Event "XXVII. Rhein-Main-Open, Gruppe A"]
[Site "Bad Homburg vor der Höhe"]
[Date "2025.06.20"]
[Round "4.21"]
[White "Gundel, Julian"]
[Black "Novak, Volker"]
[Result "0-1"]
[WhiteElo "1785"]
[BlackElo "2096"]
[PlyCount "56"]
[GameId "535116227159"]
[EventDate "2025.06.18"]
[WhiteTeam "SV Königsspringer 1929 Großauhei"]
[BlackTeam "SK Bad Homburg 1927"]

1. Nf3 Nf6 2. b3 g6 3. Bb2 Bg7 4. e3 c5 5. d4 O-O 6. Bd3 b6 7. O-O Bb7 8. c4 cxd4 9. exd4 d5 10. Nbd2 Nc6 11. c5 Nd7 12. cxb6 Qxb6 13. Re1 e6 14. Ne5 Ndxe5 15. dxe5 Rfc8 16. Nf3 a5 17. a3 Ba6 18. Bc2 Rc7 19. Bc1 Rac8 20. Be3 Qb7 21. Bf4 Nxe5 22. Nd4 Rxc2 23. Nxc2 Nd3 24. Rb1 Nxf4 25. b4 Bd3 26. bxa5 Qc7 27. Nb4 Bxb1 28. Qxb1 Qxa5 0-1

[Event "XXVII. Rhein-Main-Open, Gruppe A"]
[Site "Bad Homburg vor der Höhe"]
[Date "2025.06.20"]
[Round "4.22"]
[White "Stork, Christopher"]
[Black "Hornung, Thomas"]
[Result "1-0"]
[WhiteElo "2132"]
[BlackElo "2001"]
[PlyCount "85"]
[GameId "535116227160"]
[EventDate "2025.06.18"]
[WhiteTeam "SV Oberursel"]
[BlackTeam "SK Eberstadt 1924"]

1. d4 d5 2. c4 c6 3. Nf3 Nf6 4. cxd5 cxd5 5. Nc3 Nc6 6. Bf4 Nh5 7. Bd2 e6 8. Rc1 Bd6 9. e3 Nf6 10. Bd3 O-O 11. O-O a6 12. a3 Re8 13. e4 dxe4 14. Nxe4 Be7 15. Bc3 Nd5 16. Bb1 Nxc3 17. Rxc3 Qd5 18. Re1 Rd8 19. Rd3 b6 20. Nc3 Qh5 21. d5 Na5 22. Ba2 Bf6 23. dxe6 Bxe6 24. Bxe6 fxe6 25. Rxe6 Qf5 26. Red6 Rxd6 27. Rxd6 Nc4 28. Qb3 b5 29. Rd1 Re8 30. a4 Rb8 31. axb5 axb5 32. h3 Bxc3 33. bxc3 Kh8 34. Nd4 Qc5 35. Re1 h6 36. Qc2 Na3 37. Qd3 Rd8 38. Qg3 Rc8 39. Re5 Qa7 40. Nf5 Nc2 41. Re7 Qa1+ 42. Kh2 Qxc3 43. Re8+ 1-0

[Event "XXVII. Rhein-Main-Open, Gruppe A"]
[Site "Bad Homburg vor der Höhe"]
[Date "2025.06.20"]
[Round "4.23"]
[White "Bollmann, Henrik"]
[Black "Ottenburg, Ralph"]
[Result "1-0"]
[WhiteElo "2109"]
[BlackElo "1962"]
[PlyCount "53"]
[GameId "535116227161"]
[EventDate "2025.06.18"]
[WhiteTeam "SC Bad Nauheim"]
[BlackTeam "Sabt Frankfurter TV 1860"]

1. c4 e5 2. Nc3 Bb4 3. Nd5 Bc5 4. e3 c6 5. Nc3 d5 6. d4 exd4 7. exd4 Bb4 8. Bd3 Nf6 9. Qb3 Qe7+ 10. Nge2 dxc4 11. Bxc4 Bxc3+ 12. bxc3 Bf5 13. Ba3 Qd7 14. Ng3 Be6 15. O-O b5 16. Bxe6 fxe6 17. Rfe1 Kf7 18. Re5 Re8 19. Nf5 Kg6 20. Nd6 Ng4 21. Qc2+ Kf6 22. Nxe8+ Qxe8 23. Re2 Na6 24. Rae1 Rd8 25. Rxe6+ Qxe6 26. Rxe6+ Kxe6 27. Qe4+ 1-0

[Event "XXVII. Rhein-Main-Open, Gruppe A"]
[Site "Bad Homburg vor der Höhe"]
[Date "2025.06.20"]
[Round "4.24"]
[White "Rosenberger, Frank"]
[Black "Ploder, Udo"]
[Result "1/2-1/2"]
[WhiteElo "2077"]
[BlackElo "1884"]
[PlyCount "93"]
[GameId "535116227162"]
[EventDate "2025.06.18"]
[WhiteTeam "SK 1980 Gernsheim"]
[BlackTeam "SF Braunfels"]

1. e4 e5 2. Nf3 Nc6 3. d4 exd4 4. Nxd4 Nf6 5. Nxc6 bxc6 6. Bd3 Bb4+ 7. Nc3 d5 8. exd5 O-O 9. O-O cxd5 10. h3 c6 11. Qf3 Be7 12. Bf4 Qb6 13. b3 Ba6 14. Ne2 Bxd3 15. Qxd3 Ne4 16. Be3 Bc5 17. Bxc5 Nxc5 18. Qd4 Rfe8 19. Ng3 Ne4 20. Qxb6 axb6 21. Nxe4 Rxe4 22. Rfe1 Rxa2 23. Rxa2 Rxe1+ 24. Kh2 g6 25. Kg3 c5 26. Kf3 d4 27. Ra8+ Kg7 28. Rb8 Rc1 29. Rxb6 Rxc2 30. g3 f5 31. h4 Kf7 32. Kg2 Ke7 33. Rb7+ Kd6 34. Rxh7 Rb2 35. Rh6 Rxb3 36. h5 Ke7 37. Rxg6 Kf7 38. Rc6 Rc3 39. Rc7+ Kg8 40. Kh3 f4 41. Kh4 fxg3 42. fxg3 d3 43. Rc8+ Kh7 44. Rc7+ Kh6 45. Rc6+ Kh7 46. Rc7+ Kh6 47. Rc6+ 1/2-1/2

[Event "XXVII. Rhein-Main-Open, Gruppe A"]
[Site "Bad Homburg vor der Höhe"]
[Date "2025.06.20"]
[Round "4.25"]
[White "Shanawaz Thabrez, Shahzaib"]
[Black "Özdemir, Ali Özden"]
[Result "0-1"]
[WhiteElo "1884"]
[BlackElo "2066"]
[PlyCount "134"]
[GameId "535116227163"]
[EventDate "2025.06.18"]
[WhiteTeam "SK Langen"]
[BlackTeam "SK Langen"]

1. e4 c5 2. Nc3 a6 3. g3 b5 4. Bg2 Bb7 5. d3 e6 6. a4 b4 7. Nce2 d5 8. exd5 Nf6 9. Nf3 Bxd5 10. O-O Be7 11. c3 O-O 12. Be3 Nbd7 13. c4 Bb7 14. d4 Rc8 15. Rc1 Qa5 16. dxc5 Nxc5 17. b3 Rfd8 18. Qc2 Be4 19. Qa2 Ng4 20. Rcd1 Nxe3 21. fxe3 Qb6 22. Nfd4 Bxg2 23. Kxg2 Qb7+ 24. Kf2 Bg5 25. Nf3 Ne4+ 26. Kg2 Bxe3 27. Qc2 Nd2 28. Rf2 Bxf2 29. Rxd2 Bc5 30. Nf4 Be3 31. Re2 Bxf4 32. gxf4 Rc5 33. Kg3 Qc7 34. Qe4 h6 35. Ne5 Qd6 36. Re3 Qd4 37. Qf3 Qd1 38. Qxd1 Rxd1 39. Nd3 Rc8 40. Nxb4 a5 41. Nc2 Rcd8 42. Ne1 Rb8 43. Nf3 f6 44. Rc3 Kf7 45. Kf2 Rb1 46. Nd2 Rb2 47. Ke3 Ke7 48. c5 Kd7 49. Rd3+ Kc6 50. Rd6+ Kxc5 51. Rxe6 Rd8 52. Ne4+ Kb4 53. Rb6+ Ka3 54. Nc5 Rxh2 55. Rb5 Ra8 56. Rb7 g5 57. fxg5 fxg5 58. Kf3 h5 59. Kg3 Rc2 60. Ne4 Re8 61. Nxg5 Rc3+ 62. Kh4 Rxb3 63. Rf7 Kxa4 64. Kxh5 Rb4 65. Nf3 Kb3 66. Nd2+ Kc2 67. Nf3 a4 0-1

[Event "XXVII. Rhein-Main-Open, Gruppe A"]
[Site "Bad Homburg vor der Höhe"]
[Date "2025.06.20"]
[Round "4.26"]
[White "Klein, Levent"]
[Black "Nickel, Jonas"]
[Result "1-0"]
[WhiteElo "2036"]
[BlackElo "1926"]
[PlyCount "159"]
[GameId "535116227164"]
[EventDate "2025.06.18"]
[WhiteTeam "SK Kaiserslautern 1905"]
[BlackTeam "Schachdrachen Büdingen-Wächtersb"]

1. d4 d5 2. Nf3 Nf6 3. g3 c6 4. Bg2 e6 5. O-O Nbd7 6. Nbd2 Be7 7. c4 O-O 8. b3 b6 9. Bb2 Bb7 10. Qc2 Rc8 11. e4 dxe4 12. Ng5 c5 13. Ngxe4 Nxe4 14. Nxe4 Qc7 15. Rfd1 cxd4 16. Bxd4 e5 17. Be3 Nc5 18. Nxc5 Bxg2 19. Kxg2 Bxc5 20. Bxc5 Qxc5 21. Qe4 Rfd8 22. Qb7 a5 23. Rd7 Rxd7 24. Qxd7 Qc6+ 25. Qxc6 Rxc6 26. Rd1 g6 27. Rd5 Rc5 28. Rd8+ Kg7 29. Kf3 b5 30. cxb5 Rxb5 31. Ke4 f5+ 32. Kd3 e4+ 33. Kc4 Re5 34. Kd4 Re7 35. Rd5 Ra7 36. Ke3 Kh6 37. f3 exf3 38. Kxf3 Kg7 39. Kf4 Kf7 40. Rd4 Rb7 41. h4 h6 42. h5 Rb4 43. Ke5 Rb7 44. Rd6 Re7+ 45. Kf4 Re4+ 46. Kf3 gxh5 47. Rxh6 a4 48. Rxh5 Kg6 49. Rh4 axb3 50. axb3 Re1 51. Rb4 Kg5 52. Rb8 Rf1+ 53. Ke2 Rb1 54. Kd2 Kg4 55. Rg8+ Kf3 56. Kc2 Rg1 57. Rg5 Rg2+ 58. Kb1 Rxg3 59. Rxf5+ Ke4 60. Rb5 Kd4 61. Kb2 Rg1 62. Ka3 Ra1+ 63. Kb4 Ra8 64. Rb7 Kd5 65. Kb5 Kd6 66. b4 Ra1 67. Kb6 Ra4 68. b5 Ra1 69. Rc7 Rb1 70. Rc2 Kd7 71. Ka6 Ra1+ 72. Kb7 Rb1 73. Rd2+ Ke6 74. b6 Ke7 75. Kc7 Rc1+ 76. Kb8 Rb1 77. b7 Ke6 78. Ra2 Kd7 79. Ka8 Kc7 80. Rc2+ 1-0

[Event "XXVII. Rhein-Main-Open, Gruppe A"]
[Site "Bad Homburg vor der Höhe"]
[Date "2025.06.20"]
[Round "4.27"]
[White "Kuhn, Gerhard"]
[Black "Jakob, Steffen"]
[Result "0-1"]
[WhiteElo "2033"]
[BlackElo "1900"]
[PlyCount "66"]
[GameId "535116227165"]
[EventDate "2025.06.18"]
[WhiteTeam "SK Marburg 1931/72"]
[BlackTeam "Sges Bensheim 1931"]

1. e4 c5 2. c3 Nf6 3. e5 Nd5 4. d4 cxd4 5. cxd4 d6 6. Nf3 Nc6 7. Bc4 Nb6 8. Bb3 dxe5 9. d5 Na5 10. Nc3 Nxb3 11. Qxb3 e6 12. Nxe5 Bd6 13. Qb5+ Kf8 14. f4 Qc7 15. O-O Qc5+ 16. Kh1 exd5 17. Qd3 Bxe5 18. fxe5 Be6 19. b3 a6 20. Be3 Qc7 21. Rac1 Qd8 22. Bc5+ Kg8 23. Qe3 d4 24. Bxd4 Nd5 25. Nxd5 Qxd5 26. Bb6 h6 27. Rfd1 Qb5 28. Rd6 Kh7 29. Qe4+ g6 30. Rxe6 Rac8 31. Rxc8 Rxc8 32. Qxb7 Rc1+ 33. Bg1 Qxb7 0-1

[Event "XXVII. Rhein-Main-Open, Gruppe A"]
[Site "Bad Homburg vor der Höhe"]
[Date "2025.06.20"]
[Round "4.28"]
[White "Jonnek, Thomas"]
[Black "Mayer, Frank"]
[Result "1/2-1/2"]
[WhiteElo "2040"]
[BlackElo "1984"]
[PlyCount "31"]
[GameId "535116227166"]
[EventDate "2025.06.18"]
[WhiteTeam "SF Bremer Osten Bürgerhaus Mahnd"]
[BlackTeam "Wiesbadener SV 1885"]

1. d4 d5 2. g3 c5 3. dxc5 e6 4. Bg2 Nf6 5. Nf3 Bxc5 6. O-O O-O 7. b3 Nc6 8. Bb2 b5 9. Nbd2 b4 10. a3 a5 11. axb4 Bxb4 12. c3 Be7 13. c4 Rb8 14. Ne5 Nb4 15. cxd5 exd5 16. Ndf3 1/2-1/2

[Event "XXVII. Rhein-Main-Open, Gruppe A"]
[Site "Bad Homburg vor der Höhe"]
[Date "2025.06.20"]
[Round "4.29"]
[White "Ziska, Stephan"]
[Black "Fucik, Timo"]
[Result "0-1"]
[WhiteElo "1862"]
[BlackElo "1940"]
[PlyCount "110"]
[GameId "535116227167"]
[EventDate "2025.06.18"]
[WhiteTeam "Schachforum Darmstadt"]
[BlackTeam "SK 1926 Ettlingen"]

1. d4 d5 2. c4 c6 3. Nc3 dxc4 4. Nf3 b5 5. g3 Bb7 6. Bg2 Nf6 7. O-O Nbd7 8. Ne5 Nxe5 9. dxe5 Nd5 10. Ne4 Qc8 11. Ng5 h6 12. Bh3 e6 13. Ne4 c5 14. Bg2 Be7 15. f4 O-O 16. f5 exf5 17. Nd6 Bxd6 18. exd6 Qe6 19. Qe1 Rad8 20. Qf2 Rxd6 21. Qxc5 a6 22. Bd2 Rc8 23. Qf2 Re8 24. Rae1 Bc6 25. e4 fxe4 26. Rxe4 Qd7 27. Rxe8+ Qxe8 28. Qc5 Qd8 29. Kh1 Ne7 30. Bf4 Bxg2+ 31. Kxg2 Re6 32. Qh5 Qd5+ 33. Qf3 Qxf3+ 34. Kxf3 g5 35. Bd2 Rf6+ 36. Kg2 Rxf1 37. Kxf1 f5 38. Kf2 Kf7 39. Kf3 Nd5 40. g4 Kg6 41. h4 gxh4 42. gxf5+ Kxf5 43. Bxh6 b4 44. Bd2 c3 45. Bc1 h3 46. a3 c2 47. axb4 Nxb4 48. Bd2 Na2 49. Kg3 c1=Q 50. Bxc1 Nxc1 51. Kxh3 Nb3 52. Kg3 Ke4 53. Kf2 Kd3 54. Ke1 Kc2 55. Ke2 a5 0-1

[Event "XXVII. Rhein-Main-Open, Gruppe A"]
[Site "Bad Homburg vor der Höhe"]
[Date "2025.06.20"]
[Round "4.31"]
[White "Calvi, Stefan"]
[Black "Rotärmel, Leonie"]
[Result "1/2-1/2"]
[WhiteElo "1968"]
[BlackElo "1699"]
[PlyCount "84"]
[GameId "535116227169"]
[EventDate "2025.06.18"]
[WhiteTeam "SV Oberursel"]
[BlackTeam "SK Bad Homburg 1927"]

1. e4 e6 2. d3 d5 3. Qe2 Nf6 4. Nf3 c5 5. g3 Nc6 6. Bg2 Be7 7. O-O O-O 8. e5 Nd7 9. c4 d4 10. h4 Re8 11. Bf4 f6 12. Nbd2 fxe5 13. Nxe5 Ndxe5 14. Bxe5 Nxe5 15. Qxe5 Bd6 16. Qh5 g6 17. Qe2 Rb8 18. Be4 b6 19. Rae1 Qf6 20. Bc6 Rf8 21. Ne4 Qe7 22. Nxd6 Qxd6 23. Bg2 Bd7 24. Qe5 Qxe5 25. Rxe5 Rf5 26. Re2 Re8 27. f4 Kg7 28. Rfe1 Rff8 29. Bh3 Kf7 30. Re5 Bc8 31. Kf2 Bd7 32. a3 a5 33. b4 axb4 34. axb4 cxb4 35. Rb1 Ra8 36. Rxb4 Ra2+ 37. Re2 Rxe2+ 38. Kxe2 Rb8 39. c5 b5 40. Rxd4 Ke7 41. Bg2 Rc8 42. Be4 Rxc5 1/2-1/2